Zastave zemalja Afrike - Statistics

General Stats
  • This quiz has been taken 486 times
  • The average score is 29 of 54
Answer Stats
Picture Answer % Correct
Nigerija
96%
Maroko
91%
Egipat
88%
Tunis
88%
Alžir
87%
Republika Južna Afrika
87%
Kenija
78%
Angola
74%
Uganda
72%
Čad
66%
Kamerun
66%
Libija
66%
Senegal
66%
Somalija
66%
Demokratska Republika Kongo
63%
Gana
62%
Obala Bjelokosti
62%
Tanzanija
60%
Etiopija
59%
Mozambik
59%
Niger
57%
Mauritanija
56%
Sejšeli
56%
Mali
55%
Sudan
54%
Liberija
53%
Madagaskar
53%
Malavi
51%
Bocvana
50%
Zambija
50%
Zimbabve
50%
Esvatini
48%
Južni Sudan
48%
Burundi
46%
Lesoto
46%
Burkina Faso
44%
Zelenortska Republika
44%
Gabon
42%
Togo
42%
Ruanda
41%
Komori
39%
Eritreja
38%
Gvineja
38%
Džibuti
37%
Srednjoafrička Republika
36%
Benin
35%
Mauricijus
35%
Namibija
35%
Sijera Leone
35%
Ekvatorska Gvineja
34%
Gambija
34%
Republika Kongo
33%
Gvineja Bisau
29%
Sveti Toma i Prinsipe
29%
No matching quizzes found
Score Distribution
Percent of People with Each Score
Percentile by Number Answered
Your Score History
You have not taken this quiz